| 000 -CABECERA |
| fixed length control field |
00745nam a22002177a 4500 |
| 003 - IDENTIFICADOR DEL NÚMERO DE CONTROL |
| control field |
AR-CdUCM |
| 008 - DATOS DE LONGITUD FIJA--INFORMACIÓN GENERAL |
| fixed length control field |
190416b ||||| |||| 00| 0 spa d |
| 040 ## - FUENTE DE LA CATALOGACIÓN |
| Agencia/entidad que catalogó originalmente la obra |
MUNICIPALIDAD PROVINCIAL DEL CUSCO |
| Entidad que transcribió la catalogación |
BIBLIOTECA MUNICIPAL DEL CUSCO |
| 082 ## - NÚMERO DE LA CLASIFICACIÓN DECIMAL DEWEY |
| No. de Clasificación |
C / 759.958 / |
| Notacion interna |
G23 |
| 100 ## - ENTRADA PRINCIPAL--NOMBRE DE PERSONA |
| Nombre Personal |
Garcia, Jose Uriel |
| 245 ## - MENCIÓN DE TÍTULO |
| Título |
La escuela cusqueña de arte colonial : |
| Resto del título |
la iglesia de Huaroc / |
| 260 ## - PUBLICACIÓN, DISTRIBUCIÓN, ETC. |
| Lugar de publicación, distribución, etc. |
Cusco : |
| Fecha de publicación, distribución, etc. |
1963. |
| 300 ## - DESCRIPCIÓN FÍSICA |
| Nº de Páginas Extensión |
del 163 al 182 páginas ; |
| Otros detalles físicos |
fotografías. |
| Dimensiones |
23 cm. |
| 440 ## - MENCIÓN DE SERIE/PUNTO DE ACCESO ADICIONAL--TÍTULO |
| Título |
Sobretriro de cuadernos Americanos |
| Número de la parte/sección de una obra |
2 |
| 9 (RLIN) |
32398 |
| 505 ## - NOTA DE CONTENIDO CON FORMATO |
| Nota de contenido formateada |
Iglesia de Huaroc... |
| 650 ## - PUNTO DE ACCESO ADICIONAL DE MATERIA--TÉRMINO DE MATERIA |
| Descriptor |
Huaroc. |
| 9 (RLIN) |
32399 |
| 650 ## - PUNTO DE ACCESO ADICIONAL DE MATERIA--TÉRMINO DE MATERIA |
| Descriptor |
Iglesia de Huaroc. |
| 9 (RLIN) |
32400 |
| 942 ## - ELEMENTOS DE PUNTO DE ACCESO ADICIONAL (KOHA) |
| Fuente de clasificación |
|
| Tipo de item |
Libros-BMC |
| 945 ## - PROCESAMIENTO DE INFORMACIÓN LOCAL (OCLC) |
| Catalogador |
wfj |
| AAAA-MM-DD - Fecha de ingreso o modificacion |
2019-04-16 |